[Event "London Classic 3rd"]
[Site "London"]
[Date "2011.12.05"]
[Round "3"]
[White "Carlsen, Magnus"]
[Black "Nakamura, Hikaru"]
[Result "1-0"]
[WhiteElo "2826"]
[BlackElo "2758"]
[Annotator "Saunders,J"]
[PlyCount "81"]
[EventDate "2011.12.03"]
[EventType "tourn"]
[EventRounds "9"]
[EventCountry "ENG"]
[EventCategory "20"]
[SourceTitle "CBM 146"]
[Source "ChessBase"]
[SourceDate "2012.01.18"]
[SourceVersion "1"]
[SourceVersionDate "2012.01.18"]
[SourceQuality "1"]

1. e4 e5 2. Nf3 Nc6 3. Bc4 Nf6 4. d3 ({Anyone hoping for something brash like} 
4. Ng5 {or 4 d4 would have been disappointed. Magnus is not trying to provoke
a slugging match because his opponent would love that. He is going to play it
nice and slow. His style reminds me of those weird cycling races where they
start by pootling round the track like old grannies doing their shopping, and
only start pedalling furiously during the last couple of laps.}) 4... Bc5 5. c3
d6 6. Bb3 a6 7. Nbd2 Ba7 {Beginners are always told by their coaches not to
move a piece twice in the opening unless they have to. And yet Magnus and
Hikaru have both done it already. But they know what they are doing, just as
the ancients who developed this line did when they called it the Giuoco Piano
- 'quiet game'.} 8. Nf1 h6 9. Ng3 O-O 10. O-O Be6 11. h3 Qd7 ({Perhaps Hikaru
would have been better off trying to provoke something a bit sharper with} 
11... d5 {here. As played, Magnus gradually works his way towards the sort of
manoeuvring position he favours.}) 12. Be3 {"I was pretty happy to get in Be3"
(Carlsen)} Ne7 13. Nh4 Ng6 ({When you've played h3, you always have to make
sure you are in control if your opponent plays} 13... Bxh3 {. In this case,
White's plan is to continue} 14. Bxa7 Rxa7 15. gxh3 Qxh3 16. Ng2 $1 (16. Nf3 $2
{loses to} Ng6 $1) 16... Ng4 17. Re1 Qh2+ 18. Kf1 Qh3 {and now} 19. f3 $1 {
secures White a winning advantage. Both players had foreseen this. However,
the move played is also a little suspect as it cedes White a tiny plus. And a
tiny plus is sometimes all Magnus Carlsen needs to work on.}) 14. Nhf5 Ne7 15.
Nxe7+ Qxe7 16. Bxa7 Rxa7 17. f4 c5 {"I think it's easier to play for White" 
(Carlsen). Nakamura later admitted he spent too much time thinking around
moves 14 and 15 - a sign that he wasn't in his comfort zone.} 18. Bc2 $5 ({
Magnus said he was thinking about} 18. a4 {instead, while Vlad Kramnik
expressed surprise that he should have retreated his bishop from b3. My
analysis engine is a little surprised too. Perhaps it is these small, filigree
differences between Magnus and the other top players which define his unique
style.}) 18... b5 19. Qd2 Rb7 20. a3 a5 21. Rf2 {"I think this position should
be fine. I'm a little confused as to what happened" (Nakamura). Incidentally,
it was very good of Hikaru to come to the commentary room after his defeat,
and honest of him to make such a candid confession.} b4 22. axb4 axb4 23. Raf1
bxc3 24. bxc3 exf4 25. Rxf4 Nh7 26. d4 cxd4 27. cxd4 Qg5 28. Kh2 Nf6 29. Bd1
Rfb8 ({"I guess it's losing. It's a little bit strange," said a bemused
Nakamura in the commentary, still unable to understand quite why he lost. He
had seen the exchange sacrifice coming but wasn't concerned about it during
the game. It would be no consolation but chess engines don't seem to
understand this position either. Nakamura wondered about} 29... Ra8 {so that if
} 30. h4 {Black can play} Qa5 {and offer a queen exchange.}) (29... Ng4+ $5 {
was another Nakamura suggestion in the commentary room.}) 30. h4 Qg6 {[diag]}
31. Rxf6 $1 {Not conclusive by any means but it complicates the game and gives
Magnus the sort of game he likes to play. For the exchange, White has weakened
the black pawns and he will have some dangerous piece play against Nakamura's
king and queen. Meanwhile the two black rooks are some way from reaching posts
where they can threaten retribution.} gxf6 32. Qf4 (32. d5 Bd7 33. Qc3 {
is what Deep Rybka advocates here but 'Deep Carlsen' has other ideas.}) 32...
Rb2 ({Nakamura's instincts are to be active but with hindsight one wonders
whether he might have been better off digging in with a move like} 32... Rd8)
33. Bh5 Qg7 34. Bf3 Ra8 $2 ({Hikaru starts to wilt under pressure of clock and
position.} 34... Rd8 35. Nh5 Qg6 36. d5 Bc8 37. Nxf6+ {is good for White but
Black is still in the game.}) 35. d5 Bc8 36. Nh5 Qf8 (36... Qg6 37. Qxd6 {
is also very difficult for Black.}) 37. Nxf6+ Kh8 {[diag] If you count the
material, Black is still OK but the black king is very weak while its opposite
number is rock solid. And White has piece which is not doing much which he can
deploy very effectively.} 38. Rc1 $1 {It seems a little ironic, because White
only has one rook to his opponent's two, but the c1 rook packs the more
powerful punch. It's coming to c7, to threaten Rxf7 followed by Qxh6+ and mate,
or Rc6 and simply Rxd6.} Kg7 ({If, for example, the a8 rook moves forward with
} 38... Ra6 {, then White plays} 39. Rxc8 $1 {followed by 40 Qxh6 mate.}) 39.
e5 $1 {Opening the long diagonal but also giving his bishop the use of the e4
square. The black pieces find themselves out of play and the end is in sight.}
dxe5 40. Nh5+ (40. Qxe5 {wins in much the same way.}) 40... Kh7 41. Be4+ (41.
Be4+ Kg8 42. Qg3+ Kh8 43. Qxe5+ f6 44. Qxb2 {is crushing.}) 1-0

[Event "Sinquefield Cup 4th"]
[Site "Saint Louis"]
[Date "2016.08.07"]
[Round "3"]
[White "So, Wesley"]
[Black "Aronian, Levon"]
[Result "1/2-1/2"]
[WhiteElo "2771"]
[BlackElo "2792"]
[Annotator "Schulz,Andre"]
[PlyCount "57"]
[EventDate "2016.08.05"]
[EventType "tourn"]
[EventRounds "9"]
[EventCountry "USA"]
[EventCategory "22"]
[SourceTitle "CBM 174"]
[Source "ChessBase"]
[SourceDate "2016.09.13"]
[SourceVersion "1"]
[SourceVersionDate "2016.09.13"]
[SourceQuality "1"]

1. e4 e5 2. Nf3 Nc6 3. Bc4 Bc5 4. c3 Nf6 5. d3 O-O 6. O-O h6 7. d4 Bb6 8. dxe5
Nxe4 9. Bd5 {[#]} Nxf2 {Eine Neuerung. Ein ähnliches Motiv kennt man aus
einer bekannten Variante des offenenen Spaniers.} (9... Nc5 10. Bf4 Ne7 11. Bc4
Ne6 12. Bc1 d5 13. exd6 cxd6 14. Na3 d5 15. Be2 Ng6 16. Nc2 Nef4 17. Nfd4 Nxe2+
18. Qxe2 Re8 19. Qf3 Ne5 20. Qg3 Kh8 21. Bf4 Nc6 22. Nb5 Qf6 23. Be3 Ba5 24.
Nc7 Bxc7 25. Qxc7 Bf5 26. Nd4 Nxd4 27. Bxd4 Qe7 28. Qf4 Qg5 29. Qxg5 hxg5 30.
Be3 f6 31. Rfd1 Be6 32. Rd4 Kg8 33. Rb4 Re7 34. a4 a6 35. a5 Kf7 36. h4 gxh4
37. Rxh4 Bd7 38. Rd1 Bc6 39. Kf1 Rae8 40. Ke2 Re4 41. Rxe4 {1/2-1/2 (41)
Gelfand,B (2720)-Eljanov,P (2716) Moscow 2008}) 10. Rxf2 d6 11. exd6 Qxd6 12.
Bb3 Bxf2+ 13. Kxf2 Qf6 14. Qd2 g5 {Verhindert vor allem den Damentausch. g4
droht nicht so sehr, weil Weiß Sxh6 hat.} 15. Kg1 Bg4 16. Qf2 Rfe8 17. Be3 $5
{So bringt weitere Würze ins Spiel.} (17. Nbd2 {wäre der "Normalzug" gewesen.
Aber dann hat Weiß probleme mit der Entwicklung.}) 17... Bxf3 18. Nd2 {
Das war die Idee.} Rxe3 $1 {Die Rückgabe der Qualitär löst alle Probleme.} (
18... Qe5 19. Nc4 Qf5 20. gxf3 b5 21. Nd2) 19. Qxe3 Bh5 20. Qh3 Be2 21. Re1 Re8
22. Bc4 Qd8 23. Qxh6 (23. Bxf7+ Kxf7 24. Rxe2 Rxe2 25. Qh5+ {wäre eine andere
Lösung gewesen.}) 23... Bxc4 24. Rxe8+ Qxe8 25. Qxg5+ Kf8 26. Qc5+ Kg8 27.
Qg5+ Kf8 28. Qh6+ Kg8 29. Qg5+ 1/2-1/2

[Event "BCF-chT 1516 (4NCL)"]
[Site "England"]
[Date "2016.02.13"]
[Round "5.151"]
[White "Sadler, Matthew D"]
[Black "Adair, James"]
[Result "1-0"]
[WhiteElo "2662"]
[BlackElo "2454"]
[Annotator "Schulz,Andre"]
[PlyCount "51"]
[EventDate "2015.11.14"]
[EventType "team-swiss"]
[EventRounds "11"]
[EventCountry "ENG"]
[SourceTitle "CBM 170 Extra"]
[Source "ChessBase"]
[SourceDate "2016.02.25"]
[SourceVersion "1"]
[SourceVersionDate "2016.02.25"]
[SourceQuality "1"]
[WhiteTeam "Guildford"]
[BlackTeam "White Rose"]
[WhiteTeamCountry "ENG"]
[BlackTeamCountry "ENG"]

1. e4 e5 2. Bc4 Nf6 3. d3 Nc6 4. Nf3 Bc5 5. c3 O-O 6. Bb3 d5 7. Qe2 a5 (7... h6
) (7... dxe4 8. dxe4) 8. a4 Be6 9. Nbd2 (9. Bc2 h6 10. O-O d4 11. h3 Re8 12.
Nbd2 dxc3 13. bxc3 Nh5 14. Nb3 Ng3 15. Qd1 Bxb3 16. Bxb3 Nxf1 17. Qxf1 Qf6 18.
Bb2 Rad8 19. Rd1 Bb6 20. Bd5 Ne7 21. Bc4 Ng6 22. Nh2 h5 23. Nf3 Nf4 24. Kh2 g5
25. d4 Nxh3 26. Nxe5 Rxe5 27. dxe5 Qxe5+ 28. g3 Rxd1 29. Qxd1 g4 30. Qd8+ Kg7
31. Ba3 Bc5 32. f4 Bg1+ {0-1 (32) Hou,Y (2588)-Naiditsch,A (2689)
Khanty-Mansiysk 2009}) 9... h6 10. exd5 (10. Bc2 Re8 11. O-O Nh5 12. Nb3 Bb6
13. Ng5 hxg5 14. Qxh5 dxe4 15. dxe4 g4 16. Bg5 f6 17. Rad1 Qe7 18. Bc1 Qf7 19.
Qxf7+ Kxf7 20. Rfe1 Rad8 21. Rxd8 Rxd8 22. Rd1 Rh8 23. Nd2 g6 24. Nf1 f5 25.
exf5 gxf5 26. Be3 Bxe3 27. Nxe3 Ne7 28. Bd3 Rd8 29. Be2 Rxd1+ 30. Bxd1 Kf6 31.
g3 Ng6 32. f3 gxf3 33. Bxf3 e4 34. Bd1 Ne5 35. b4 axb4 36. cxb4 Nd3 37. b5 b6
38. Kf1 Ke5 39. Ke2 f4 40. gxf4+ Nxf4+ 41. Kd2 Ng6 42. Ng2 Bh3 43. Ne1 Kf4 44.
Kc3 Nh4 45. Kd4 Nf5+ 46. Kc3 Ne3 47. Be2 Ke5 48. Nc2 Nxc2 49. Kxc2 Kd4 50. Kd2
e3+ 51. Ke1 Ke4 {1/2-1/2 (51) Stopa,J (2471)-Gareev,T (2590) Philadelphia 2009}
) 10... Bxd5 11. Bc2 Nd7 {[#]} 12. g4 $6 {Zumindest riskant. Die Engines
mögen diesen Zug gar nicht.} Nf6 ({Die Vorschläge der Automaten sind} 12...
f5) ({oder} 12... Qe7) 13. Rg1 {[#]} Bxf3 $2 {Ein seltsamer Zug. Mit dem
Tausch wird der Sd2 aktiviert und der Lc1 kommt ins Spiel.} ({Die Maschine
schlägt} 13... Qd7 {vor:} 14. g5 Ng4 15. Rg2 f5 16. gxh6 Rae8 {mit der Idee}
17. Z0 e4) 14. Nxf3 {Nun steht Weiß besser. Der Angriff am Königsflügel
wird real.} Re8 15. g5 hxg5 ({Ein beachtlicher taktischer Versuch war:} 15...
Nd4 $5 16. cxd4 (16. Qd1 Nxc2+ 17. Qxc2 e4 18. dxe4 Nxe4 $19) 16... exd4 17.
Ne5 (17. gxf6 Rxe2+ 18. Kxe2 Qxf6 $11) 17... Qd5 18. f4 hxg5 19. Rxg5 {aber
nach beispielsweise} Nh7 20. Rg2 f6 {ist} 21. Bb1 {mit der Drohung La2 recht
hässlich.}) 16. Bxg5 Qd6 17. O-O-O Qe6 18. Nd2 Bf8 19. Qf3 Nh7 20. Bb3 Qd7 21.
Ne4 (21. Bh6 $18) 21... Nd8 22. d4 Ne6 23. dxe5 Qc6 24. Bf6 Kh8 25. Qg4 Nxf6
26. Nxf6 (26. Nxf6 gxf6 27. Qg8#) 1-0

[Event "World Women-ch"]
[Site "Lvov"]
[Date "2016.03.02"]
[Round "1"]
[White "Muzychuk, Mariya"]
[Black "Hou, Yifan"]
[Result "1/2-1/2"]
[WhiteElo "2554"]
[BlackElo "2673"]
[Annotator "Schulz,Andre"]
[PlyCount "61"]
[EventDate "2016.03.02"]
[EventType "match"]
[EventRounds "10"]
[EventCountry "UKR"]
[SourceTitle "CBM 172"]
[Source "ChessBase"]
[SourceDate "2016.05.12"]
[SourceVersion "1"]
[SourceVersionDate "2016.05.12"]
[SourceQuality "1"]

1. e4 e5 {Überraschung! Sonst spielt Yifan Hou meist nur Sizilianisch oder
Französisch.} 2. Nf3 Nc6 3. Bc4 Bc5 4. O-O ({In der Vergangenheit hat die
Weltmeisterin ganz ordentlich mit dem Evand-Gambit gepunktet, verzichtet hier
aber auf ihre Hauptwaffe.} 4. b4) 4... Nf6 5. d3 O-O (5... d6 6. h3 Be6 7. Bb3
h6 8. c3 Bb6 9. Ba4 Bd7 10. Nbd2 a6 11. Re1 O-O 12. Nf1 Re8 13. Ng3 Qe7 14. Be3
Bxe3 15. fxe3 d5 16. exd5 Nxd5 17. Bb3 Nf6 18. Nh4 Be6 19. Ngf5 Qd7 20. Rf1 Kh7
21. Qf3 Ng8 22. Ng3 Nf6 23. Nhf5 Ng8 24. Bxe6 Rxe6 25. d4 exd4 26. exd4 Rd8 27.
Rad1 Rg6 28. d5 Nce7 29. Qd3 Nxf5 30. Nxf5 Kh8 31. c4 Re8 32. d6 cxd6 33. Nxd6
Qc6 34. Rd2 Re7 {1/2-1/2 (34) Muzychuk,M (2268)-Balbashova,V (2127) Simferopol
2004}) 6. c3 (6. Nc3 d6 7. Bg5 h6 8. Bxf6 Qxf6 9. Nd5 Qg6 10. Kh1 Kh8 11. Nxc7
Rb8 12. Nd5 f5 13. exf5 Bxf5 14. Nd2 Be6 15. Qe2 Bxd5 16. Bxd5 Nd4 17. Qd1 b5
18. Be4 Qf6 19. Nf3 Nxf3 20. Bxf3 Qe6 21. Qe2 Rf6 22. Bg4 Qf7 23. Bf3 g5 24. c3
g4 25. Bxg4 Bxf2 26. Rad1 Re8 27. Bh5 Qf8 28. Bxe8 a6 29. Bh5 a5 30. b4 a4 31.
c4 bxc4 32. dxc4 a3 33. c5 dxc5 34. bxc5 Qxc5 35. Rd8+ Kh7 36. Qe4+ Kg7 37.
Qb7+ Rf7 38. Qxf7# {1-0 (38) Muzychuk,M-Kornejuk,M Nikolaev 1999}) 6... d6 7.
h3 (7. a4 a6 8. Re1 Bg4 9. h3 Bh5 10. Nbd2 Re8 11. Nf1 Bb6 12. Ng3 Bg6 13. Bg5
h6 14. Bh4 Nb8 15. d4 Nbd7 16. Qb3 Qc8 17. dxe5 dxe5 18. Nf5 Nc5 19. Qa3 Nfxe4
20. Rxe4 Qxf5 21. Re2 e4 22. Nd4 Qh5 23. Bg3 Nd3 24. Re3 Rad8 25. Qb3 Qg5 26.
Rd1 Nc5 27. Qc2 h5 28. h4 Qf6 29. b4 Nd3 30. Qb3 Bxd4 31. cxd4 Rxd4 32. Bxd3
Red8 33. Bc2 Rxd1+ 34. Bxd1 Qa1 35. Re1 Rd3 36. Qc2 e3 37. Qe2 Rd2 38. Qxe3
Rxd1 39. Qe8+ Kh7 40. Rxd1 Qxd1+ 41. Kh2 Qxa4 42. Qxa4 {1-0 (42) Muzychuk,M 
(2529)-Stefanova,A (2517) Beijing 2014}) 7... h6 8. Re1 a6 9. a4 ({Häufiger
geschieht} 9. Bb3) 9... Ba7 10. Nbd2 Re8 11. Nf1 Be6 12. Bxe6 Rxe6 (12... fxe6
13. Be3 Qd7 14. Bxa7 Rxa7 15. d4 exd4 16. Nxd4 Raa8 17. Nxc6 Qxc6 18. e5 Nd7
19. exd6 cxd6 20. Ng3 Nf6 21. a5 Rad8 22. Qa4 Qxa4 23. Rxa4 Rd7 24. f4 g6 25.
Rd4 Kf7 26. Red1 Ke7 27. Ne4 Nxe4 28. Rxe4 Kf6 29. Red4 Ke7 30. c4 Rc8 31. b4
Rc6 32. Re1 Kf7 33. c5 Ke7 34. Red1 d5 35. g4 Rc8 36. Kf2 Rf8 37. Kg3 Kf6 38.
h4 h5 39. Re1 hxg4 40. Kxg4 Rh8 41. Rd3 Rdh7 42. Rh1 Rh5 43. Kg3 R8h7 44. Re3
Kf7 45. Rc3 Kf6 46. Re3 {1/2-1/2 (46) Seils,J (2327)-Kramer,J (2323) Germany
2015}) 13. Be3 (13. Ng3 d5 14. Qe2 Qd7 15. a5 Rd8 16. Nf5 dxe4 17. dxe4 Qd3 18.
Qxd3 Rxd3 19. Nd2 Re8 20. Nc4 Red8 21. Kf1 Rd1 22. f3 Rxe1+ 23. Kxe1 Nd7 24. b4
Nf8 25. Be3 Bxe3 26. Nfxe3 Ne6 27. Nd5 f6 28. Nce3 Kf7 29. Rd1 {1/2-1/2 (29)
Viela,A (2183)-Pires,G (2132) Matosinhos 2012}) 13... Bxe3 14. Nxe3 d5 15. Qc2
Qd7 16. Rad1 Rd8 17. Nf5 Qe8 18. b4 b5 19. axb5 axb5 20. Nd2 Ne7 21. Nxe7+ Qxe7
22. Nb3 dxe4 23. dxe4 Red6 24. Nc5 Rxd1 25. Rxd1 Rxd1+ 26. Qxd1 Qd6 27. Qe2 c6
28. g3 Nd7 29. Nxd7 Qxd7 {[#] Das war's.} 30. Kg2 Qd6 31. Qe3 1/2-1/2

[Event "Batumi FIDE GP (Women)"]
[Site "Batumi"]
[Date "2016.04.28"]
[Round "8"]
[White "Muzychuk, Anna"]
[Black "Zhao, Xue"]
[Result "1-0"]
[WhiteElo "2555"]
[BlackElo "2504"]
[Annotator "Schulz,Andre"]
[PlyCount "90"]
[EventDate "2016.04.20"]
[EventType "tourn"]
[EventRounds "11"]
[EventCountry "GEO"]
[EventCategory "10"]
[SourceTitle "CBM 172"]
[Source "ChessBase"]
[SourceDate "2016.05.12"]
[SourceVersion "1"]
[SourceVersionDate "2016.05.12"]
[SourceQuality "1"]
[WhiteClock "0:22:06"]
[BlackClock "0:32:07"]

1. e4 e5 2. Nf3 Nc6 3. Bc4 Bc5 4. c3 Nf6 5. d3 Bb6 {Geht schon mal möglichen
Anrempelungen aus dem Weg.} (5... d6 6. b4) 6. a4 {Ein Zug, der im
Profibereich hier noch nicht vorkam. Wenn es passt, will Weiß gelegentlich b4
folgen lassen und den Lb6 attackieren.} ({Weiß hat stattdessen schon eine
Vielzahl von Zügen probiert.} 6. O-O) (6. Nbd2) (6. Bb3) ({oder} 6. b4 d6 {
mit Zugumstellung zur Variante im 5. Zug.}) 6... d6 7. Bg5 h6 8. Bh4 a6 9. Nbd2
Be6 10. b4 Ne7 $5 {Schwarz hat nichts gegen Lxf6 einzuwenden, was ihr die
g-Linie für einen Königsangriff öffnet.} 11. Qb3 Qd7 12. d4 exd4 13. Bxf6
gxf6 {Nachdem Schwarz auf d4 genommen hat, führt der Tausch auf f6 sogar zu
einem isolierten Doppelbauer.} 14. Nxd4 Bxd4 {Das Läuferpaar lässt sich
ohnehin nicht halten und so verpasst Schwarz der Gegnerin noch einen
isolierten Bauern auf d4, öffnet aber auch die c-Linie.} (14... d5 $5 15. exd5
Bxd5) 15. cxd4 d5 16. exd5 Bxd5 17. O-O Rg8 18. g3 O-O-O 19. b5 a5 20. Rac1 b6
21. Rfe1 {Droht Txe7} Qh3 22. Bxd5 Nxd5 23. Nc4 {[#]} Qg4 (23... Nf4 {ist ein
Schlag ins Wasser:} 24. Qf3 Ne6 25. Nxb6+ Kb8 26. Qa8#) 24. Qc2 Qd7 ({Für
Angriffszüge wie} 24... h5 {war keine Zeit:} 25. Nxb6+ Kb8 26. Nxd5 Rxd5 27.
Qxc7+ Ka8 28. b6 $19) (24... Rd7 $5 {war vielleicht besser} 25. Re4 $14) 25.
Ne3 Rge8 (25... Nxe3 26. Rxe3 Kb8 27. Rc3 Rc8 28. Rc6 $16) 26. Qc6 {Erzwingt
Damentausch, was angesichts der schwachen schwarzen Bauern für Weiß günstig
sein muss.} Qxc6 27. Rxc6 Nb4 28. Rxf6 Rxd4 29. Rxf7 Nd3 30. Rd1 Ne5 31. Rxd4
Nxf7 32. g4 Re6 33. Nf5 c5 34. bxc6 Ne5 35. Kg2 Nxc6 36. Rd6 Rxd6 37. Nxd6+ Kc7
38. Nb5+ Kd7 39. f4 Ke6 40. Kf3 Nb4 41. h4 Nd3 42. Nc7+ Kd6 {[#]} 43. g5 hxg5 (
43... Kxc7 44. gxh6 $18) 44. hxg5 Nb4 45. Nb5+ (45. g6 {war auch OK:} Nc6 46.
g7 Ne7 47. f5 Ng8 (47... Ke5 48. Nd5 $18) 48. f6 Nxf6 49. Ne8+ $18) 45... Kd5
1-0

[Event "Moscow Veterans"]
[Site "Moscow"]
[Date "1991.??.??"]
[Round "?"]
[White "Gipslis, Aivars P"]
[Black "Kholmov, Ratmir D"]
[Result "1/2-1/2"]
[WhiteElo "2465"]
[BlackElo "2445"]
[Annotator "Schussler,H"]
[PlyCount "65"]
[EventDate "1991.06.??"]
[EventType "tourn"]
[EventRounds "9"]
[EventCountry "URS"]
[EventCategory "10"]
[SourceTitle "CBM 025"]
[Source "ChessBase"]
[SourceDate "1991.12.01"]
[SourceVersion "1"]
[SourceVersionDate "1991.12.01"]
[SourceQuality "1"]

1. e4 e5 2. Nf3 Nc6 3. Bc4 Bc5 4. c3 Nf6 5. d3 d6 {An idea is to delay this
move in order to make the advance d5 more attractive. See Djurhuus,R-Arkhipov,
S (CBM 25/game 355) for an ultra-rapid d5 and Svidler, P-Steingrimsson,H for a
slower version of the d7-d5-idea.} 6. O-O {Other popular plans involves an
early a2-a4 or an early b4 (to gain space on the Q-side). Possible is also 6.
Nbd2 followed by Nf1 to save the tempi Re1. See Bologan-Westerinen (CBM 25/
game 331) and Bologan-Bjerke (CBM 25/ game 327)} a6 7. Bb3 Ba7 8. Nbd2 O-O 9.
Re1 (9. Nc4 $5 Ne7 10. Bg5 Ng6 11. Nh4 Kh8 12. Nf5 h6 13. Bxf6 Qxf6 14. Nce3
Bxf5 15. Nxf5 Nh4 16. Nxh4 Qxh4 17. Qf3 c6 $10 {Berezjuk,S-Moldobaev,E (CBM 25/
game 717).}) 9... Kh8 10. h3 {10.Nf1!?} Ne7 11. d4 Ng6 12. Nf1 Be6 13. Bxe6
fxe6 14. dxe5 Nxe5 15. Nxe5 dxe5 16. Be3 Bxe3 17. Rxe3 Qxd1 18. Rxd1 Rad8 19.
Rxd8 Rxd8 20. Re2 Kg8 21. Nd2 $14 Kf7 22. Kf1 b5 23. Ke1 Nh5 24. g3 Rd3 25. Nb3
Nf6 26. Nc5 Rd6 27. Rd2 Ke7 28. b4 Rc6 29. g4 {29.Rd3 + =} h6 30. Ke2 $6 Rxc5
$1 $10 31. bxc5 Nxe4 32. Rc2 Nxc5 33. f3 1/2-1/2

[Event "Ljubljana op 5th"]
[Site "Ljubljana"]
[Date "1994.??.??"]
[Round "?"]
[White "Sermek, Drazen"]
[Black "Polgar, Sofia"]
[Result "1-0"]
[WhiteElo "2520"]
[BlackElo "2450"]
[Annotator "Sermek,D"]
[PlyCount "63"]
[EventDate "1994.06.??"]
[EventType "swiss"]
[EventRounds "9"]
[EventCountry "SLO"]
[SourceTitle "TD"]
[Source "ChessBase"]
[SourceDate "1994.03.01"]
[SourceVersion "1"]
[SourceVersionDate "1994.03.01"]
[SourceQuality "1"]

1. e4 e5 2. Nf3 Nc6 3. Bc4 Bc5 4. c3 Nf6 5. b4 Bb6 6. d3 d6 7. O-O O-O 8. a4 a6
9. Bb3 Ne7 10. a5 Ba7 11. h3 Ng6 12. Re1 h6 13. d4 Re8 $5 (13... Qe7 {Sermek,
D-Polgar,S, Portoroz 1994}) 14. Bc2 Bd7 15. Be3 Qc8 16. Nbd2 Kh8 (16... Bxh3
17. gxh3 Qxh3 18. Qe2 $16) 17. Kh2 exd4 (17... Nh5 18. Nxe5 $16) 18. cxd4 Ne7
19. Rb1 (19. Nf1 Nc6) 19... Bc6 20. Rc1 $1 (20. d5 Bxe3 21. Rxe3) 20... Bb5 (
20... Qd7 21. d5 Bb5 (21... Bxe3 $2 22. dxc6) 22. Bxa7) 21. Bb3 d5 (21... Kg8
22. e5 dxe5 23. Nxe5 Ned5 24. Qf3 $16) 22. Ne5 Rf8 (22... Kg8 23. exd5 Nexd5
24. Nxf7 $1 Kxf7 25. Bxd5+ Nxd5 26. Qh5+ $16) 23. Qf3 Qe6 (23... dxe4 24. Nxe4
Nxe4 25. Qxe4 $16) 24. exd5 Qd6 $6 (24... Nexd5 25. Bxh6 $16) (24... Nfxd5 $1
25. Rxc7 Bb8 26. Rxe7 Qxe7 27. Qxd5 f6 28. f4 fxe5 29. dxe5) 25. Bf4 Qxb4 $2 (
25... Nfxd5 26. Nxf7+ Rxf7 27. Bxd6 Rxf3 28. Bxe7 Rxf2 29. Bxd5 Rxd2 30. Bxb7
Re8 31. Bc6 Bxc6 32. Rxc6 Bxd4 33. Rxa6) 26. Rxc7 Ng6 $1 {[#]} (26... Rae8 27.
d6 $18) 27. Bxh6 $3 (27. Nxf7+ $2 Rxf7 28. Rxf7 Nxf4 29. Qxf4 Bb8) (27. Rxf7
Nxe5 28. Rxf8+ Rxf8 29. dxe5 Nxd5 30. Re4 Qc5) 27... Qd6 (27... Nxe5 28. dxe5
Ne8 29. Re4 $1 $18 Qxa5 30. Rxf7) (27... Bb8 28. Nxg6+ fxg6 29. Bxg7+ Kh7 30.
Bxf8+ Bxc7+ 31. d6 $1 Rxf8 (31... Bxd6+ 32. Bxd6 Qxd6+ 33. Kg1 $18) 32. dxc7
Qxd2 33. Re7+ Kh6 34. c8=Q Rxc8 35. Qxf6 $18) 28. Qg3 $1 $18 Kh7 29. Nxg6 Qxg3+
30. fxg3 Rfc8 (30... Kxg6 31. Bf4 Kh7 32. Be5 $18) 31. Rxc8 Rxc8 32. Ne7 1-0